| 000 | 00610nam a22002057a 4500 | ||
|---|---|---|---|
| 003 | CO-ViMGA | ||
| 008 | 170824b xxu||||| |||| 00| 0 eng d | ||
| 020 | _a8423640167 | ||
| 040 |
_aCO-ViMGA _bspa _cCO-ViMGA |
||
| 090 | _aMEDm | ||
| 100 | 1 |
_aMAARGARITA MAINÉ, _d1997, _910595 |
|
| 245 | 1 | 0 |
_aMe duele la lengua/ _cTexto, Margarita Mainé, ; Ilustracion Anne Decis, |
| 260 |
_aBarcelona, _bEditorial Edebe, _c1997 |
||
| 300 |
_a28 pg, _bll, ; 18 x 19 cm |
||
| 490 | _aTren Azul, | ||
| 650 | 1 | 4 |
_aCuentos Infantiles, _9487 |
| 700 | 1 |
_aMargarita Mainé _d1997 _etx, _910596 |
|
| 942 |
_2ddc _cBK |
||
| 945 | _aMEDm | ||
| 999 |
_c36798 _d36798 |
||